Biggest Cities in Jordan - Statistics

General Stats
  • This quiz has been taken 1,230 times
  • The average score is 3 of 10
Answer Stats
Population Answer % Correct
4,061,150 Amman
100%
171,848 Aqaba
56%
582,276 Irbid
40%
735,744 Zarqa
37%
122,008 Madaba
25%
115,695 Al-Salt
23%
122,785 Mafraq
16%
180,335 Al-Ramtha
11%
547,442 Russeifa
11%
196,260 Sahab
7%
No matching quizzes found
Score Distribution
Percent of People with Each Score
Percentile by Number Answered
Your Score History
You have not taken this quiz